MARC details
| 000 -LEADER |
| fixed length control field |
010540000a22002410004500 |
| 003 - CONTROL NUMBER IDENTIFIER |
| control field |
LK-CoMWRAF |
| 005 - DATE AND TIME OF LATEST TRANSACTION |
| control field |
20231111004016.0 |
| 008 - FIXED-LENGTH DATA ELEMENTS--GENERAL INFORMATION |
| fixed length control field |
230817t2007 ||||| |||| 00| 0 eng d |
| 020 ## - INTERNATIONAL STANDARD BOOK NUMBER |
| International Standard Book Number |
9789555801140 |
| 040 ## - CATALOGING SOURCE |
| Original cataloging agency |
LK-CoMWRAF |
| Modifying agency |
LK-CoMWRAF |
| Description conventions |
LK-CoMWRAF |
| 041 ## - LANGUAGE CODE |
| Language code of text/sound track or separate title |
English |
| 082 ## - DEWEY DECIMAL CLASSIFICATION NUMBER |
| Classification number |
363.3492 |
| Item number |
SAR |
| 942 ## - ADDED ENTRY ELEMENTS (KOHA) |
| Koha item type |
Books |
| 100 ## - MAIN ENTRY--PERSONAL NAME |
| Personal name |
Sarvananthan, Muttukrishna |
| 245 ## - TITLE STATEMENT |
| Title |
People's Verdict on Tsunami Recovery in Sri Lanka |
| 260 ## - PUBLICATION, DISTRIBUTION, ETC. (IMPRINT) |
| Place of publication, distribution, etc. |
Colombo: |
| Name of publisher, distributor, etc. |
International Centre for Ethnic Studies, |
| Date of publication, distribution, etc. |
2007 |
| 300 ## - PHYSICAL DESCRIPTION |
| Extent |
xxiii, 146 p. : ill., maps ; 23 cm. |
| Other physical details |
Bibliography included |
| 856 ## - ELECTRONIC LOCATION AND ACCESS |
| Uniform Resource Identifier |
<a href="https://deliverypdf.ssrn.com/delivery.php?ID=657067000092087098083066074125068122008074046028003082122090000026092113126009022093018101029058112004114069066065089010030031029041010037009119113014091081017024100072082000089104031027085101090088120086114020121074071118001007027010103120076092103003&EXT=pdf&INDEX=TRUE">https://deliverypdf.ssrn.com/delivery.php?ID=657067000092087098083066074125068122008074046028003082122090000026092113126009022093018101029058112004114069066065089010030031029041010037009119113014091081017024100072082000089104031027085101090088120086114020121074071118001007027010103120076092103003&EXT=pdf&INDEX=TRUE</a> |
| 650 ## - SUBJECT ADDED ENTRY--TOPICAL TERM |
| Topical term or geographic name as entry element |
HAZARD MITIGATION-SRI LANKA |
| 650 ## - SUBJECT ADDED ENTRY--TOPICAL TERM |
| Topical term or geographic name as entry element |
Household surveys-Sri Lanka |
| 650 ## - SUBJECT ADDED ENTRY--TOPICAL TERM |
| Topical term or geographic name as entry element |
Disaster relief--Sri Lanka. |
| 650 ## - SUBJECT ADDED ENTRY--TOPICAL TERM |
| Topical term or geographic name as entry element |
Tsunami |